|
|
|
|
| LEADER |
00000cam a2200000 7i4500 |
| 001 |
0000112708 |
| 005 |
20080903.0 |
| 090 |
0 |
0 |
|a F
|b DEA
|
| 100 |
0 |
|
|a Dian Sasmita
|
| 245 |
0 |
0 |
|a Dealova [
|h digital video disc]
|c Dian Sasmita
|
| 260 |
|
|
|a s.l. :
|b Flix Pictures ,
|c 2006
|
| 300 |
|
|
|a 1 digital video disc (120 minutes) :
|b col
|
| 500 |
|
|
|a Library has 3 copies
|
| 520 |
0 |
|
|a General viewing for all ages (U)
|
| 650 |
0 |
0 |
|a Movies, Malay
|
| 999 |
|
|
|a AV 18084
|b VIDEO COMPACT DISC
|c FICTION
|e PERPUSTAKAAN KOMUNITI PETALING JAYA
|
| 999 |
|
|
|a AV 18085
|b DIGITAL VIDEO DISC
|c FICTION
|e PERPUSTAKAAN KOMUNITI PETALING JAYA
|
| 999 |
|
|
|a AV 18086
|b DIGITAL VIDEO DISC
|c FICTION
|e PERPUSTAKAAN KOMUNITI PETALING JAYA
|